000 00529 a2200193 4500
005 20260319100844.0
008 260318b |||||||| |||| 00| 0 eng d
020 _a9789395276399
_cRs. 2800.00
040 _aMAIN
082 _a930.1020954
_bL16A
100 _aLama, G K
245 _aArchaeological excavation at Rukhaeogarh, Nalanda (Bihar)
260 _bPrachya Vidya Bhawan
_c2024
_aVaranasi
300 _avii, 214
650 _aHistory
650 _aArchaeology
650 _aArchaeological Teachniques
942 _cBK
999 _c394844
_d394844